रोजगार के अवसर / (Record no. 64607)
[ view plain ]
| 000 -LEADER | |
|---|---|
| fixed length control field | 00887nam a22002057a 4500 |
| 005 - DATE AND TIME OF LATEST TRANSACTION | |
| control field | 20120403113124.0 |
| 020 ## - INTERNATIONAL STANDARD BOOK NUMBER | |
| Terms of availability | 95.00 |
| International Standard Book Number | |
| 035 ## - SYSTEM CONTROL NUMBER | |
| System control number | B-142927 |
| 035 ## - SYSTEM CONTROL NUMBER | |
| System control number | B-142952 |
| 037 ## - SOURCE OF ACQUISITION | |
| Source of stock number/acquisition | |
| Stock number | dpl |
| 082 ## - DEWEY DECIMAL CLASSIFICATION NUMBER | |
| Classification number | 331.124 |
| 100 ## - MAIN ENTRY--PERSONAL NAME | |
| Personal name | गोयल, ओ.पी. |
| 245 1# - TITLE STATEMENT | |
| Title | रोजगार के अवसर / |
| Statement of responsibility, etc | ओ.पी.गोयल |
| 260 ## - PUBLICATION, DISTRIBUTION, ETC. (IMPRINT) | |
| Place of publication, distribution, etc | मथुरा |
| Name of publisher, distributor, etc | रोजगार प्रकाशन |
| Date of publication, distribution, etc | 2004 |
| 270 ## - ADDRESS | |
| Address | |
| City | |
| Postal code | |
| Telephone number | |
| 300 ## - PHYSICAL DESCRIPTION | |
| Extent | 128पृ. |
| Dimensions | 22सेमी (सजिल्द) |
| 942 ## - ADDED ENTRY ELEMENTS (KOHA) | |
| Institution code [OBSOLETE] | dpl |
| Item type | Hindi Books |
| Call number prefix | |
| Source of classification or shelving scheme | Dewey Decimal Classification |
| Classification part | 330.9 |
| Call number suffix | जीडचा |
| Withdrawn status | Lost status | Not for loan | Collection code | Home library | Current library | Date acquired | Cost, normal purchase price | Full call number | Barcode | Cost, replacement price | Koha item type | Source of acquisition |
|---|---|---|---|---|---|---|---|---|---|---|---|---|
| Non-fiction | Patel Nagar | Patel Nagar | 30/09/2018 | 95.00 | 330.9 जीडचा | b-142916 | 95.00 | Hindi Books | BPPD/Pub | |||
| Non-fiction | Sarojini Nagar | Sarojini Nagar | 03/04/2012 | 95.00 | 330.9 जीडचा | B-142927 | 95.00 | Hindi Books | ||||
| Non-fiction | Sarojini Nagar | Sarojini Nagar | 03/04/2012 | 95.00 | 330.9 जीडचा | B-142952 | 95.00 | Hindi Books |
